[Event "have a good game"]
[Site "SchemingMind.com"]
[Date "2008.06.02"]
[Round "-"]
[White "aston294"]
[Black "Suraj Kumar"]
[Result "0-1"]
[WhiteCountry "ENG"]
[BlackCountry "IND"]
[WhiteElo "1122"]
[WhiteRD "73"]
[BlackElo "1885"]
[BlackRD "157"]
[GameID "157228"]

1. d4 d5 2. Nc3 Nf6 3. Nf3 e6 4. e4 Nxe4 5. Bb5+ c6 6. Bd3 Nxc3 7. Qd2 Ne4 8. Qe3 Bb4+ 9. Kd1 c5 10. Ne5 cxd4
11. a3 dxe3 12. Ke2 Nxf2 13. axb4 Nxh1 14. Kxe3 Qb6+ 15. Kf4 Nf2 16. Be3 Nxd3+ 17. Kf3 Nxe5+ 18. Ke2 Qb5+ 19. Kd1 Qf1+ 20. Kd2 Qxa1
21. b3 O-O 22. c3 b6 23. c4 d4
0-1

[Event "have a good game"]
[Site "SchemingMind.com"]
[Date "2008.06.03"]
[Round "-"]
[White "trss"]
[Black "Suraj Kumar"]
[Result "0-1"]
[WhiteCountry "IND"]
[BlackCountry "IND"]
[WhiteElo "1745"]
[WhiteRD "149"]
[BlackElo "1885"]
[BlackRD "157"]
[GameID "157229"]

1. e4 e5 2. Nf3 Nc6 3. Bc4 f6 4. Nh4 d6 5. Qh5+ Kd7 6. Qf7+ Qe7 7. Nf5 Qxf7 8. Bxf7 Nge7 9. d3 Nxf5 10. exf5 Nd4
11. Na3 Nxf5 12. Nc4 c6 13. Ne3 Ke7 14. Bb3 g6 15. O-O h5 16. Nxf5+ Bxf5 17. f4 a5 18. a4 d5 19. Re1 Kd6 20. c4 Bxd3
21. cxd5 cxd5 22. fxe5+ fxe5 23. Bg5 Bg7 24. Rad1 e4 25. Rd2 Bd4+ 26. Kh1 Rae8 27. Bf4+ Be5 28. Bxe5+ Rxe5 29. h3 Rf8 30. Kh2 Rf1
31. Rxf1 Bxf1 32. Rf2 Rf5 33. Rxf5 gxf5 34. Kg3 e3 35. Bc2 Ke5
0-1

[Event "have a good game"]
[Site "SchemingMind.com"]
[Date "2008.06.02"]
[Round "-"]
[White "Alfilderey4"]
[Black "Suraj Kumar"]
[Result "0-1"]
[WhiteCountry "NCA"]
[BlackCountry "IND"]
[WhiteElo "1269"]
[WhiteRD "112"]
[BlackElo "1868"]
[BlackRD "136"]
[GameID "157231"]

1. d4 d5 2. c4 c6 3. Nc3 g6 4. cxd5 Nf6 5. dxc6 Nxc6 6. Nf3 Bg7 7. d5 Nb4 8. Qa4+ Qd7 9. Qxb4 Nxd5 10. Nxd5 Qxd5
11. g3 Qd7 12. Bg2 O-O 13. O-O a5 14. Qh4 f5 15. Bh6 e5 16. Bxg7 Qxg7 17. Rfd1 e4 18. Ne1 g5 19. Qh5 Be6 20. e3 g4
21. h4 gxh3 22. Qxh3 Rf6 23. Qh5 Bf7 24. Qe2 h5 25. Rd7 Rh6 26. Rc1 h4 27. Rcc7 Rf8 28. gxh4 Rxh4
0-1

[Event "have a good game"]
[Site "SchemingMind.com"]
[Date "2008.05.31"]
[Round "-"]
[White "lame wolf"]
[Black "Manfred Kraut"]
[Result "0-1"]
[WhiteCountry "INT"]
[BlackCountry "GER"]
[WhiteElo "1082"]
[WhiteRD "78"]
[BlackElo "1425"]
[BlackRD "89"]
[GameID "157258"]

1. Nf3 Nc6 2. e4 Nf6 3. b3 e5 4. Bb2 Bc5 5. Be2 Nxe4 6. d4 exd4 7. Nxd4 Qf6 8. Bf3 Nxd4 9. Bxe4 Nf3+ 10. Bxf3 Qxb2
11. Nd2 Qd4
0-1

[Event "have a good game"]
[Site "SchemingMind.com"]
[Date "2008.05.31"]
[Round "-"]
[White "lame wolf"]
[Black "keen"]
[Result "0-1"]
[WhiteCountry "INT"]
[BlackCountry "SCO"]
[WhiteElo "1052"]
[WhiteRD "58"]
[BlackElo "1796"]
[BlackRD "57"]
[GameID "157259"]

1. Nf3 d5 2. d4 Nf6 3. Qd3 e6 4. c4 c5 5. cxd5 Qxd5 6. Nc3 Qd8 7. dxc5 Qxd3 8. exd3 Bxc5 9. Be3 Bb4 10. Rc1 Nc6
11. Bd2 O-O 12. a3 Ba5 13. b4 Bb6 14. b5 Nd4 15. Nxd4 Bxd4 16. Be2 Bd7 17. a4 Rac8 18. O-O h6 19. Bf3 b6 20. Bc6 Bxc6
21. bxc6 Rxc6 22. Nb5 Rxc1 23. Bxc1 Rd8 24. Ba3 a6 25. Be7 Rd7 26. Bxf6 Bxf6 27. Na3 Rxd3 28. Nc4 Bd4 29. g3 Rc3 30. Nd2 Ra3
31. h4 Rxa4 32. Ne4 b5
0-1

[Event "have a good game"]
[Site "SchemingMind.com"]
[Date "2008.05.31"]
[Round "-"]
[White "lame wolf"]
[Black "rampichino"]
[Result "0-1"]
[WhiteCountry "INT"]
[BlackCountry "ITA"]
[WhiteElo "1052"]
[WhiteRD "58"]
[BlackElo "1318"]
[BlackRD "69"]
[GameID "157260"]

1. Nf3 d5 2. d4 Nc6 3. Qd3 Nf6 4. c4 dxc4 5. Qxc4 Be6 6. Qd3 g6 7. b3 Bg7 8. Bb2 Bf5 9. Qd2 Ne4 10. Qe3 h5
11. Nbd2 Nxd2 12. Nxd2 Bh6 13. Qc3 Bg7 14. e3 e5 15. Qc1 exd4 16. exd4 Nxd4 17. Bc4 Nc2+
0-1

[Event "have a good game"]
[Site "SchemingMind.com"]
[Date "2008.05.31"]
[Round "-"]
[White "lame wolf"]
[Black "aston294"]
[Result "1-0"]
[WhiteCountry "INT"]
[BlackCountry "ENG"]
[WhiteElo "1052"]
[WhiteRD "58"]
[BlackElo "1122"]
[BlackRD "73"]
[GameID "157261"]

1. Nf3 d5 2. d4 c6 3. Qd3 Nf6 4. c4 dxc4 5. Qxc4 b5 6. Qc2 Ng4 7. Be3 Qd5 8. Nc3 Qe6 9. Ng5 Qc4 10. Nxh7 Rxh7
11. Qxh7 e6 12. Qd3 Qb4 13. Bc1 c5 14. Qxb5+ Qxb5 15. Nxb5 a6 16. Nc3 cxd4 17. Ne4 f5 18. Ng5 Bb4+ 19. Bd2 Bc5 20. Rc1 Nc6
21. Rxc5 Ke7 22. Rxc6 Kf6 23. e4 fxe4 24. Be2 Ne5 25. Rc1 Rb8 26. b3 g6 27. O-O Nf7 28. Nxe4+ Ke5 29. Bd3 Nd6 30. f3 Nf5
31. g4 Nd6 32. f4+ Kd5 33. Rc5#
1-0

[Event "have a good game"]
[Site "SchemingMind.com"]
[Date "2008.06.02"]
[Round "-"]
[White "lame wolf"]
[Black "trss"]
[Result "0-1"]
[WhiteCountry "INT"]
[BlackCountry "IND"]
[WhiteElo "1052"]
[WhiteRD "58"]
[BlackElo "1745"]
[BlackRD "149"]
[GameID "157263"]

1. Nf3 Nc6 2. e4 e5 3. d4 exd4 4. Bd2 Bc5 5. Bd3 Qe7 6. Bg5 Nf6 7. Qe2 d6 8. c3 Bg4 9. Nbd2 O-O 10. c4 Ne5
11. O-O h6 12. Bxf6 Qxf6 13. a3 a5 14. Rfb1 Qg6 15. b4 axb4 16. axb4 Rxa1 17. Rxa1 Bxb4 18. Rb1 Bxd2 19. Qxd2 Bxf3 20. g3 Qg4
21. h3 Qxh3
0-1

[Event "have a good game"]
[Site "SchemingMind.com"]
[Date "2008.05.31"]
[Round "-"]
[White "Manfred Kraut"]
[Black "lame wolf"]
[Result "1-0"]
[WhiteCountry "GER"]
[BlackCountry "INT"]
[WhiteElo "1425"]
[WhiteRD "89"]
[BlackElo "1082"]
[BlackRD "78"]
[GameID "157266"]

1. e4 g5 2. d4 h6 3. Nf3 d5 4. exd5 Qxd5 5. Nc3 Qd8 6. Bc4 e6 7. d5 Bg7 8. dxe6 Bxe6 9. Qxd8+ Kxd8 10. Bxe6 fxe6
11. Be3 Nc6 12. O-O-O+ Ke7 13. Bc5+ Kf7 14. Rd7+ Kg6 15. Re1 Nf6 16. Rxe6 Rad8 17. Rxc7
1-0

[Event "have a good game"]
[Site "SchemingMind.com"]
[Date "2008.05.31"]
[Round "-"]
[White "keen"]
[Black "lame wolf"]
[Result "1-0"]
[WhiteCountry "SCO"]
[BlackCountry "INT"]
[WhiteElo "1796"]
[WhiteRD "57"]
[BlackElo "1052"]
[BlackRD "58"]
[GameID "157267"]

1. d4 b5 2. e3 b4 3. Bd3 Bb7 4. Nf3 a5 5. a3 e6 6. O-O f5 7. Bd2 c6 8. axb4 Bxb4 9. c3 Be7 10. e4 h6
11. Re1 g5 12. exf5 Nf6 13. fxe6 d5 14. Ne5 Ba6 15. Bg6+ Kf8 16. Nf7 Qb6 17. Nxh8 Qxb2 18. Rxa5 Kg7 19. Nf7 Kxg6 20. Ne5+ Kg7
21. Qf3 Qb6 22. Qf5 Kh8 23. Qg6 Qxa5 24. Nf7#
1-0

[Event "have a good game"]
[Site "SchemingMind.com"]
[Date "2008.05.31"]
[Round "-"]
[White "rampichino"]
[Black "lame wolf"]
[Result "1-0"]
[WhiteCountry "ITA"]
[BlackCountry "INT"]
[WhiteElo "1318"]
[WhiteRD "69"]
[BlackElo "1052"]
[BlackRD "58"]
[GameID "157268"]

1. e4 g5 2. d4 h6 3. Bc4 Bg7 4. Be3 e6 5. Nc3 Ne7 6. f4 d5 7. exd5 Qd6 8. dxe6 Bxe6 9. Qd3 Bf5 10. Qd2 Nbc6
11. Nf3 f6 12. Nb5 Qd8 13. d5 Nb8 14. d6 cxd6 15. Nxd6+ Kf8 16. O-O-O Qc7 17. Nxf5 Nd7 18. Qxd7 Qxd7 19. Rxd7 Nxf5 20. Bc5+ Ke8
21. Bb5
1-0

[Event "have a good game"]
[Site "SchemingMind.com"]
[Date "2008.05.31"]
[Round "-"]
[White "aston294"]
[Black "lame wolf"]
[Result "1-0"]
[WhiteCountry "ENG"]
[BlackCountry "INT"]
[WhiteElo "1122"]
[WhiteRD "73"]
[BlackElo "1052"]
[BlackRD "58"]
[GameID "157269"]

1. d4 b5 2. a4 b4 3. c3 e6 4. cxb4 Bxb4+ 5. Nd2 a5 6. e4 d5 7. Bb5+ c6 8. Bd3 Nf6 9. e5 Nfd7 10. Qg4 g6
11. Nf3 Ba6 12. Ng5 Bxd3 13. f3 Bf5 14. Qf4 f6 15. O-O fxg5 16. Qe3 g4 17. h3 c5 18. fxg4 Be4 19. Nxe4 c4 20. Nc3 Nc6
21. Nb5 Ke7 22. Qg5+ Ke8 23. Nd6+
1-0

[Event "have a good game"]
[Site "SchemingMind.com"]
[Date "2008.06.02"]
[Round "-"]
[White "trss"]
[Black "lame wolf"]
[Result "1-0"]
[WhiteCountry "IND"]
[BlackCountry "INT"]
[WhiteElo "1745"]
[WhiteRD "149"]
[BlackElo "1052"]
[BlackRD "58"]
[GameID "157271"]

1. e4 d5 2. exd5 Qxd5 3. Nc3 Qd8 4. Bc4 e6 5. Nf3 Be7 6. d4 Bb4 7. Bd2 Nc6 8. d5 exd5 9. Nxd5 Be6 10. Nxb4 Bxc4
11. Nxc6 bxc6 12. b3 Be6 13. O-O Ne7 14. Bb4 Qxd1 15. Raxd1 Nd5 16. Bc5 Rb8 17. Rfe1 Rb5 18. Bxa7 Nc3 19. Rd3 Nxa2 20. Nd4 Nb4
21. Rde3 c5 22. Nxe6 Nxc2 23. Nxc7+ Kd7 24. Nxb5 Nxe3 25. Rxe3 Rc8 26. f4 c4 27. b4
1-0

[Event "have a good game"]
[Site "SchemingMind.com"]
[Date "2008.05.31"]
[Round "-"]
[White "MacBone"]
[Black "lame wolf"]
[Result "1-0"]
[WhiteCountry "HKG"]
[BlackCountry "INT"]
[WhiteElo "1393"]
[WhiteRD "149"]
[BlackElo "1052"]
[BlackRD "58"]
[GameID "157278"]

1. e4 d5 2. exd5 Qxd5 3. Nc3 Qd8 4. d4 e6 5. Nf3 c5 6. Bb5+ Bd7 7. O-O cxd4 8. Nxd4 a6 9. Bxd7+ Nxd7 10. Be3 b5
11. Qe2 g6 12. Rad1 Bg7 13. Rfe1 b4 14. Na4 a5 15. c3 e5 16. Nc6 Qc7 17. Qb5 Ne7 18. Nxe7
1-0

[Event "have a good game"]
[Site "SchemingMind.com"]
[Date "2008.05.31"]
[Round "-"]
[White "MacBone"]
[Black "Manfred Kraut"]
[Result "0-1"]
[WhiteCountry "HKG"]
[BlackCountry "GER"]
[WhiteElo "1393"]
[WhiteRD "149"]
[BlackElo "1388"]
[BlackRD "83"]
[GameID "157279"]

1. e4 e5 2. Nf3 Nc6 3. Bb5 a6 4. Bxc6 dxc6 5. O-O Bd6 6. Nc3 Nf6 7. Re1 O-O 8. d4 exd4 9. Nxd4 c5 10. Nf3 Bg4
11. Qd3 b5 12. h3 Bh5 13. Be3 Bxf3 14. gxf3 c4 15. Qe2 Qd7 16. Rad1 Qxh3 17. Rxd6 cxd6 18. Qf1 Qxf3 19. Qg2 Qxg2+ 20. Kxg2 Rfe8
21. f3 Rad8 22. Ne2 d5 23. Bd4 dxe4 24. Bxf6 gxf6 25. fxe4 Rxe4 26. Kf2 Rd2
0-1

[Event "have a good game"]
[Site "SchemingMind.com"]
[Date "2008.05.31"]
[Round "-"]
[White "MacBone"]
[Black "keen"]
[Result "0-1"]
[WhiteCountry "HKG"]
[BlackCountry "SCO"]
[WhiteElo "1393"]
[WhiteRD "149"]
[BlackElo "1796"]
[BlackRD "57"]
[GameID "157280"]

1. e4 c5 2. d4 cxd4 3. Qxd4 Nc6 4. Qa4 Nf6 5. Nc3 g6 6. Nf3 Bg7 7. Be2 O-O 8. O-O a6 9. Be3 d6 10. Rad1 Bd7
11. Rfe1 b5 12. Qb3 Be6 13. Qa3 b4 14. Qa4 bxc3 15. Qxc6 cxb2 16. Bd4 Qa5 17. Bxb2 Qxa2 18. Bd4 Bd7 19. Bc4 Qa5 20. Ra1 Qxe1+
21. Rxe1 Bxc6
0-1

[Event "have a good game"]
[Site "SchemingMind.com"]
[Date "2008.06.01"]
[Round "-"]
[White "MacBone"]
[Black "rampichino"]
[Result "0-1"]
[WhiteCountry "HKG"]
[BlackCountry "ITA"]
[WhiteElo "1393"]
[WhiteRD "149"]
[BlackElo "1318"]
[BlackRD "69"]
[GameID "157281"]

1. e4 d5 2. exd5 Qxd5 3. Nc3 Qd6 4. Nf3 Nf6 5. d4 a6 6. Be2 Nbd7 7. O-O b5 8. Bg5 e6 9. Bxf6 Nxf6 10. Re1 Bb7
11. Qd2 O-O-O 12. Rad1 g6 13. Ne5 Qe7 14. a4 c6 15. axb5 cxb5 16. Ra1 Qb4 17. Nxf7 Rxd4 18. Qxd4 Qxd4 19. Nxh8 Ne4 20. Nxe4 Qxe4
21. Bd3 Qxg2#
0-1

[Event "have a good game"]
[Site "SchemingMind.com"]
[Date "2008.05.31"]
[Round "-"]
[White "MacBone"]
[Black "aston294"]
[Result "1-0"]
[WhiteCountry "HKG"]
[BlackCountry "ENG"]
[WhiteElo "1393"]
[WhiteRD "149"]
[BlackElo "1122"]
[BlackRD "73"]
[GameID "157282"]

1. e4 e5 2. Nf3 Nc6 3. Bb5 a6 4. Ba4 Nf6 5. Nc3 b5 6. Bb3 Nb4 7. a3 Nc6 8. O-O Ng4 9. h3 Nf6 10. d4 exd4
11. Nxd4 Nxd4 12. Qxd4 d6 13. Bg5 h6 14. Bxf6 gxf6 15. Rfe1 c6 16. Rad1 c5 17. Qd5 Be6 18. Qd2 b4 19. axb4 cxb4 20. Nd5 a5
21. Ba4+ Bd7 22. Bxd7+ Kxd7 23. Qd4 Qe8 24. Nxf6+ Ke7 25. Qxd6#
1-0

[Event "have a good game"]
[Site "SchemingMind.com"]
[Date "2008.06.02"]
[Round "-"]
[White "MacBone"]
[Black "Suraj Kumar"]
[Result "0-1"]
[WhiteCountry "HKG"]
[BlackCountry "IND"]
[WhiteElo "1387"]
[WhiteRD "131"]
[BlackElo "1910"]
[BlackRD "140"]
[GameID "157283"]

1. e4 e5 2. Nf3 Nc6 3. Bb5 d6 4. O-O a6 5. Bxc6+ bxc6 6. Nc3 Nf6 7. Re1 Be7 8. d4 exd4 9. Nxd4 Bd7 10. Bd2 O-O
11. Qe2 c5 12. Nf3 Re8 13. Rad1 Bg4 14. h3 Bh5 15. Nd5 Nxd5 16. exd5 Bf6 17. Qxe8+ Qxe8 18. Rxe8+ Rxe8 19. b3 Bg6 20. c4 h6
21. Re1 Kf8 22. Rxe8+ Kxe8 23. a4 Bc2 24. Kf1 Bxb3 25. Nh4 Bxc4+ 26. Ke1 Bxd5 27. Nf3 c4
0-1

[Event "have a good game"]
[Site "SchemingMind.com"]
[Date "2008.06.02"]
[Round "-"]
[White "MacBone"]
[Black "trss"]
[Result "0-1"]
[WhiteCountry "HKG"]
[BlackCountry "IND"]
[WhiteElo "1387"]
[WhiteRD "131"]
[BlackElo "1773"]
[BlackRD "129"]
[GameID "157284"]

1. e4 e5 2. Nf3 Nc6 3. Bb5 a6 4. Ba4 Nf6 5. Nc3 Bc5 6. h3 b5 7. Bb3 b4 8. Nd5 Nxe4 9. O-O O-O 10. Ne3 Bb7
11. d3 Nf6 12. Ng5 Nd4 13. Nxf7 Qe7 14. Nxe5+ Kh8 15. N5g4 Nxb3 16. axb3 Rf7 17. Nxf6 Rxf6 18. Bd2 Raf8 19. Qe2 Rg6 20. Rae1 Bxe3
21. Qxe3 Rxg2+ 22. Kh1 Rgxf2+ 23. Kg1 Rg2+ 24. Kh1 Rxd2+
0-1

[Event "have a good game"]
[Site "SchemingMind.com"]
[Date "2008.06.01"]
[Round "-"]
[White "MacBone"]
[Black "Alfilderey4"]
[Result "1-0"]
[WhiteCountry "HKG"]
[BlackCountry "NCA"]
[WhiteElo "1417"]
[WhiteRD "112"]
[BlackElo "1224"]
[BlackRD "108"]
[GameID "157286"]

1. e4 c5 2. d4 cxd4 3. Qxd4 Nc6 4. Qa4 g6 5. Nf3 d6 6. Bc4 Bg7 7. c3 Nf6 8. O-O Nxe4 9. Nbd2 Nc5 10. Qd1 O-O
11. Nb3 Nxb3 12. axb3 Bg4 13. Qd3 Bxf3 14. Qxf3 e6 15. Be3 d5 16. Bd3 Ne5 17. Qe2 Nxd3 18. Qxd3 a6 19. Rad1 Qd6 20. c4 Rfd8
21. Rd2 d4 22. Bg5 f6 23. Bh4 e5 24. h3 a5 25. Rc1 Bh6 26. c5 Qd5 27. Bxf6 Re8 28. Rdc2
1-0

[Event "have a good game"]
[Site "SchemingMind.com"]
[Date "2008.05.31"]
[Round "-"]
[White "lame wolf"]
[Black "MacBone"]
[Result "0-1"]
[WhiteCountry "INT"]
[BlackCountry "HKG"]
[WhiteElo "1052"]
[WhiteRD "58"]
[BlackElo "1393"]
[BlackRD "149"]
[GameID "157287"]

1. b4 e5 2. a3 d5 3. d4 Nc6 4. dxe5 Nxe5 5. e4 Nf6 6. Bb2 Bd6 7. Bd4 O-O 8. c3 Bd7 9. b5 Qe7 10. a4 c5
11. Bxe5 Bxe5 12. exd5 Bxc3#
0-1

[Event "have a good game"]
[Site "SchemingMind.com"]
[Date "2008.05.31"]
[Round "-"]
[White "Manfred Kraut"]
[Black "MacBone"]
[Result "0-1"]
[WhiteCountry "GER"]
[BlackCountry "HKG"]
[WhiteElo "1388"]
[WhiteRD "83"]
[BlackElo "1393"]
[BlackRD "149"]
[GameID "157288"]

1. e4 e5 2. Nf3 Nc6 3. Bc4 h6 4. O-O Nf6 5. d3 Bc5 6. Nc3 O-O 7. Qe2 d6 8. a3 a6 9. Be3 Nd4 10. b4 Nxe2+
11. Nxe2 Bxe3 12. fxe3 b5 13. Bd5 Rb8 14. Bb3 Bb7 15. c4 bxc4 16. Bxc4 Bc6 17. Nc3 Bd7 18. Bxa6 Re8 19. d4 c5 20. bxc5 dxc5
21. Nxe5 Rb2 22. dxc5 Rxe5 23. Na4 Bxa4 24. Rf5 Rxe4
0-1

[Event "have a good game"]
[Site "SchemingMind.com"]
[Date "2008.05.31"]
[Round "-"]
[White "keen"]
[Black "MacBone"]
[Result "1-0"]
[WhiteCountry "SCO"]
[BlackCountry "HKG"]
[WhiteElo "1796"]
[WhiteRD "57"]
[BlackElo "1393"]
[BlackRD "149"]
[GameID "157289"]

1. d4 d5 2. e3 Nf6 3. Bd3 Nc6 4. c3 e6 5. Nd2 Bd6 6. f4 O-O 7. Ngf3 Bd7 8. Ne5 Bxe5 9. fxe5 Ne8 10. O-O Qe7
11. Bxh7+ Kxh7 12. Qh5+ Kg8 13. Rf3 f6 14. Rh3 f5 15. Nf3 g6 16. Qh8+ Kf7 17. Rh7+
1-0

[Event "have a good game"]
[Site "SchemingMind.com"]
[Date "2008.06.01"]
[Round "-"]
[White "rampichino"]
[Black "MacBone"]
[Result "0-1"]
[WhiteCountry "ITA"]
[BlackCountry "HKG"]
[WhiteElo "1137"]
[WhiteRD "68"]
[BlackElo "1364"]
[BlackRD "118"]
[GameID "157290"]

1. e4 e5 2. Nf3 Nc6 3. d4 d6 4. dxe5 dxe5 5. Qxd8+ Kxd8 6. Bc4 h6 7. Bxf7 Nf6 8. Nc3 Bb4 9. Be3 Ke7 10. Bg6 Be6
11. a3 Bxc3+ 12. bxc3 Bf7 13. Bc5+ Ke8 14. Bxf7+ Kxf7 15. O-O Rhe8 16. Rfe1 b6 17. Be3 Nxe4 18. Bd2 Nxd2 19. Nxd2 Rad8 20. Nf3 e4
21. Nd4 Nxd4 22. cxd4 Rxd4 23. Re3 Red8 24. Kf1 Rd1+ 25. Rxd1 Rxd1+ 26. Ke2 Ra1 27. a4 Rxa4 28. Rc3 c5 29. Ke3 Rd4
0-1

[Event "have a good game"]
[Site "SchemingMind.com"]
[Date "2008.05.31"]
[Round "-"]
[White "aston294"]
[Black "MacBone"]
[Result "0-1"]
[WhiteCountry "ENG"]
[BlackCountry "HKG"]
[WhiteElo "1122"]
[WhiteRD "73"]
[BlackElo "1393"]
[BlackRD "149"]
[GameID "157291"]

1. Nc3 e5 2. Nf3 Nc6 3. e4 Nf6 4. Nb5 a6 5. Nc3 d5 6. d4 exd4 7. Ne2 dxe4 8. Ne5 Nxe5 9. Nxd4 Bc5 10. Nf5 Qxd1+
11. Kxd1 Bxf5 12. Bf4 Bd6 13. Bg5 h6 14. Bf4 Rd8 15. Bc4 O-O 16. b3 Nxc4 17. bxc4 Bxf4+ 18. Ke2 Rd2+ 19. Ke1 Rxc2 20. g3 Bd2+
0-1

[Event "have a good game"]
[Site "SchemingMind.com"]
[Date "2008.06.02"]
[Round "-"]
[White "Suraj Kumar"]
[Black "MacBone"]
[Result "1-0"]
[WhiteCountry "IND"]
[BlackCountry "HKG"]
[WhiteElo "1910"]
[WhiteRD "140"]
[BlackElo "1387"]
[BlackRD "131"]
[GameID "157292"]

1. e4 e5 2. Nf3 Nc6 3. Bb5 a6 4. Ba4 Nf6 5. O-O Bc5 6. c3 O-O 7. Re1 Ng4 8. d4 exd4 9. cxd4 Ba7 10. Bg5 f6
11. Bh4 d5 12. exd5 Qxd5 13. Bb3
1-0

[Event "have a good game"]
[Site "SchemingMind.com"]
[Date "2008.06.02"]
[Round "-"]
[White "trss"]
[Black "MacBone"]
[Result "1-0"]
[WhiteCountry "IND"]
[BlackCountry "HKG"]
[WhiteElo "1773"]
[WhiteRD "129"]
[BlackElo "1387"]
[BlackRD "131"]
[GameID "157293"]

1. e4 e5 2. Nf3 Nc6 3. Bc4 h6 4. d3 Nf6 5. O-O Bc5 6. Be3 Bxe3 7. fxe3 O-O 8. d4 d6 9. Nc3 Qe7 10. Nd5 Nxd5
11. exd5 Na5 12. Bd3 e4 13. b4 exf3 14. Rxf3 Bg4 15. bxa5 Bxf3 16. Qxf3 Rae8 17. Re1 Qg5 18. c4 Re7 19. e4 Rfe8 20. Rf1 Qg6
21. h4 c5 22. e5 cxd4 23. Bxg6
1-0

[Event "have a good game"]
[Site "SchemingMind.com"]
[Date "2008.06.01"]
[Round "-"]
[White "Alfilderey4"]
[Black "MacBone"]
[Result "0-1"]
[WhiteCountry "NCA"]
[BlackCountry "HKG"]
[WhiteElo "1224"]
[WhiteRD "108"]
[BlackElo "1417"]
[BlackRD "112"]
[GameID "157295"]

1. e4 e5 2. Nf3 Nc6 3. d4 d6 4. dxe5 dxe5 5. Qxd8+ Kxd8 6. c3 Be6 7. Ng5 Be7 8. Nxe6+ fxe6 9. Bc4 Nf6 10. f3 Kd7
11. Be3 b6 12. Nd2 Rad8 13. Bb5 Ra8 14. Nb3 a6 15. O-O-O+ Bd6 16. Be2 Ke7 17. Kc2 a5 18. a4 Rad8 19. Bb5 Na7 20. Nxa5 Ra8
21. Nc6+ Nxc6 22. Bxc6 Rhd8 23. Bxa8 Rxa8 24. Ra1 c5 25. Bg5 h6 26. Bxf6+ gxf6 27. Ra2 c4 28. b3 cxb3+ 29. Kxb3 Kd7
0-1